| 000 | 00611nam a2200157 a 4500 | ||
|---|---|---|---|
| 001 | 000032988 | ||
| 005 | 20200930065945.0 | ||
| 008 | 110805s1925 dr 000 0 spa d | ||
| 040 |
_aDO-SdBNP _bspa _cBNPHU |
||
| 082 |
_axxx _bR426 |
||
| 110 | 1 |
_aRepública Dominicana _bDepartamento de agricultura _958713 |
|
| 245 | 1 | 3 |
_aEl cultivo del tabaco en Canada y la introducción del tabaco extrangero en dicho mercado. / _cDepartamento de agricultura. |
| 260 |
_aSanto Domingo : _bDepartamento de agricultura, _c1925. |
||
| 300 |
_a8 p. ; _c17 cm. |
||
| 500 | _aInforme del cónsul general dominicano en Montreal, Canadá | ||
| 999 |
_c32479 _d32479 |
||